कहानी विदेश यात्राओं की / (Record no. 113055)
[ view plain ]
| 000 -LEADER | |
|---|---|
| fixed length control field | 01010nam a22002537a 4500 |
| 005 - DATE AND TIME OF LATEST TRANSACTION | |
| control field | 20170124102947.0 |
| 010 ## - LIBRARY OF CONGRESS CONTROL NUMBER | |
| LC control number | B-016056 |
| 020 ## - INTERNATIONAL STANDARD BOOK NUMBER | |
| Terms of availability | 200.00 |
| International Standard Book Number | 8173153396 |
| 035 ## - SYSTEM CONTROL NUMBER | |
| System control number | B-016056 |
| 037 ## - SOURCE OF ACQUISITION | |
| Source of stock number/acquisition | Cen Lib/Ret |
| 040 ## - CATALOGING SOURCE | |
| Original cataloging agency | DPL |
| Language of cataloging | HN |
| 082 ## - DEWEY DECIMAL CLASSIFICATION NUMBER | |
| Classification number | 910.4 |
| Item number | शिंदेसु |
| 100 ## - MAIN ENTRY--PERSONAL NAME | |
| Personal name | शिंदे, सुशील कुमार |
| 9 (RLIN) | 50403 |
| 245 ## - TITLE STATEMENT | |
| Title | कहानी विदेश यात्राओं की / |
| Statement of responsibility, etc | सुशील कुमार शिंदे |
| 246 ## - VARYING FORM OF TITLE | |
| Title proper/short title | Kahani videsh yatraon ki / |
| Remainder of title | by Susheel Kumar Shindey |
| 260 ## - PUBLICATION, DISTRIBUTION, ETC. (IMPRINT) | |
| Name of publisher, distributor, etc | प्रभात प्रकाशन |
| Date of publication, distribution, etc | 2000 |
| Place of publication, distribution, etc | दिल्ली |
| 270 ## - ADDRESS | |
| City | दिल्ली |
| Address | 4/19 असफ अली रोड |
| Postal code | 110002 |
| 300 ## - PHYSICAL DESCRIPTION | |
| Extent | 199पृ. |
| Dimensions | 21सेमी(सजिल्द ) |
| 650 ## - SUBJECT ADDED ENTRY--TOPICAL TERM | |
| Topical term or geographic name as entry element | भूगोल |
| General subdivision | |
| Geographic subdivision | |
| 9 (RLIN) | 50404 |
| 650 ## - SUBJECT ADDED ENTRY--TOPICAL TERM | |
| Topical term or geographic name as entry element | कहानियां |
| 9 (RLIN) | 50405 |
| 650 ## - SUBJECT ADDED ENTRY--TOPICAL TERM | |
| Topical term or geographic name as entry element | Geography |
| 9 (RLIN) | 50406 |
| 650 ## - SUBJECT ADDED ENTRY--TOPICAL TERM | |
| Topical term or geographic name as entry element | Stories |
| 9 (RLIN) | 7500 |
| 942 ## - ADDED ENTRY ELEMENTS (KOHA) | |
| Source of classification or shelving scheme | Dewey Decimal Classification |
| Koha item type | Hindi Books |
| Classification part | 910.4 |
| Call number suffix | शिंदेसु |
| Withdrawn status | Lost status | Damaged status | Not for loan | Home library | Current library | Date acquired | Source of acquisition | Cost, normal purchase price | Total Checkouts | Full call number | Barcode | Date last seen | Date checked out | Copy number | Cost, replacement price | Price effective from | Koha item type |
|---|---|---|---|---|---|---|---|---|---|---|---|---|---|---|---|---|---|
| Central Library | Central Library | 11/08/2015 | Cen Lib/Ret | 200.00 | 3 | 910.4 शिंदेसु | B-016056 | 07/01/2021 | 24/12/2020 | 1 | 200.00 | 11/08/2015 | Hindi Books |
